The law of restitution
Uloženo v:
| Hlavní autor: | |
|---|---|
| Médium: | Kniha |
| Jazyk: | angličtina |
| Vydáno: |
Boston
Little, Brown
1978
|
| Témata: | |
| Tagy: |
Přidat tag
Žádné tagy, Buďte první, kdo vytvoří štítek k tomuto záznamu!
|
MARC
| LEADER | 00000nam a2200000 a 4500 | ||
|---|---|---|---|
| 001 | UCV0836 | ||
| 003 | CL-VaPUC | ||
| 008 | 890515e19780000US |||||||||||||||||eng|d | ||
| 082 | 0 | 4 | |a 340.08 |b PAL |2 21 |
| 100 | |a Palmer, George E. |e author |9 295154 | ||
| 245 | 1 | 4 | |a The law of restitution |
| 300 | |a v | ||
| 942 | |c BK | ||
| 945 | |d 19890515 00:00:00 | ||
| 260 | |a Boston |b Little, Brown |c 1978 | ||
| 650 | 7 | |a JURISPRUDENCIA MERCANTIL |2 CL-VaPUC |9 255548 | |
| 650 | 7 | |a INDEMNIZACION JUDICIAL |2 CL-VaPUC |9 255593 | |
| 651 | 0 | |a Estados Unidos |9 255178 | |
| 583 | |a last modification |c 19890515 00:00:00 |k Rodrigo Vera | ||
| 999 | |c 209030 |d 209028 | ||
| 952 | |0 0 |1 0 |4 0 |6 340_080000000000000_PAL_1978 |7 0 |8 A |9 184133 |a BIBDER |b BIBDER |d 2019-11-14 |h v.3 |i 2512920 |o 340.08 PAL 1978 |p 2512920 |r 2023-01-25 |w 2019-11-14 |y BK |k DER | ||